00341 a2200133 4500003000400000005001700004008004100021020001800062040000900080082001500089245006700104260002600171300001000197OSt20231006153503.0230918b |||||||| |||| 00| 0 eng d a9780670096268 coclc a821bSAT/G aGreening the Earth /cedited by K Sachidanandan & Nishi Chawla aUSA:bVintage,c2023. a364 p